| 000 | 04276nam a2200241Ia 4500 | ||
|---|---|---|---|
| 003 | SEM | ||
| 005 | 20241018160146.0 | ||
| 008 | 141116s1716 ne ||||gr||||||01|||arm|d | ||
| 040 |
_cSEM _aSEM |
||
| 041 | _aarm | ||
| 100 | 0 |
_aՂուկաս Վանանդեցի _cդպիր _d(17-18-րդ դդ.) _q(Ղուկաս Նուրիջանյան) |
|
| 245 | 1 | 0 |
_aՊատկերասէր պատկերատեաց. _bՍէր է համաձայնութիւն պատկերաց / _cՂուկաս դպիր Վանանդեցի |
| 246 | _a[Պատկերասեր պատկերատյաց] | ||
| 260 |
_aՅԱմստրդամ : _a[Ամստերդամ]: _bտպ. Ղուկասու դպրի Վանանդեցու, _c1716. |
||
| 300 |
_a448 էջ ; _cՇարվ. չափը շրջանակով՝ 12,3X6,8 սմ ; _c15,7 սմ |
||
| 500 | _aՏԻՏՂԹ.՝ ՊԱՏԿԵՐԱՍԷՐ/ պատկերատեաց./ Սէր է համաձայնութիւն/ պատկերաց։/ Նուիրեալ՝ և Տեառնագրեալ/ Ջուղայեցի Գիլանէնց ի Տ[է]ր հան/գուցեալ Սարգսի որդւոյ Պե/տրոսին:/ Ի Հայրապետութե[ան]ն Լուսահեղոյս Գահոյ/ին Սրբոյ Էջմիածնի Տեառն աստուածա/տրոյ ամ[ենայն] Հայոց Ինքնագլուխ Կաթուղիկոսի։/ Յօրինեալ երկասէր՝ և տպագիր աշխատա/նօք Ղուկասու Դպրի Վանանդեցւոյ:/ յԱմի Տ[եառ]ն 1716։/ և ի Թուին Հայոց 1165:/ Յ’ԱՄՍՏՐԴԱՄ:/ | ||
| 500 | _a448 զարդափակ էջ, էջակալության անճշտությամբ (էջերի իրական քանակն է 432): Ութածալ, մամուլանիշերը հայատառ և արաբական թվանշաններով։ Շարվ. չափը շրջանակով՝ 12,3X6,8 սմ: Տիտղթ. զարդափակ։ Լուսանցանիշերով: 2 փորագիր պատկեր՝ 2-րդ և 138-րդ էջերում։ Փոքրիկ գլխազարդեր, վերջազարդեր և զարդագրեր: Բնագիրը մոտ 10 կետաչափի բոլորագրով, օգտագործված են նաև նոտրգիր և գլխագրեր։ ՀԻՇԱՏԱԿԱՐԱՆ ՉՈՒՆԻ։ | ||
| 500 | _aԾԱՆՈԹ.՝ «Պատկերասէր»ը վերջանում է 160-րդ էջում, որ միաժամանակ 10-րդ մամուլի վերջն է։ Հանր. գրադարանի բոլոր օրինակներում այդ էջին հաջորդում է 177-ը, ուր սկսվում է մյուս բնագիրը՝ «Փառք եւ պայծառափայլ փառահեղութիւնն...»։ Այդպիսով, արանքում պակասում է 16 էջ, այսինքն՝ մեկ մամուլ։ Մամուլների համարակալումն էլ ընդհատված է 160-րդ էջում, որը ունի Ժ(10) մամուլանիշը, իսկ 177 էջից սկսվում է ԺԲ (12) մամուլը, ԺԱ (11) մամուլը չկա։ Կարելի էր մտածել, որ մի մամուլ գրքից հանված է, սակայն 160րդ էջի հիշագիրը՝ Յաղագս համապատասխանում է 177րդ էջի վերնագրին՝ «Յաղագս առաջին...»։ Նույնը նշել է Ա. Ղազիկյանը («Հայկ. նոր մատ.»), թեև նա չի նկատել մամուլների համարակալման ընդհատումը, և ենթադրել է, թե էջերի ընդհատումը կարող է վրիպակի արդյունք լինել։ Պարզ է, որ վրիպակ չկա, թեև դժվար է բացատրել ընդհատման պատճառը։ Բացի դրանից, գրքի օրինակներում (այդ թվում նաև Ա. Ղազիկյանի տեսած օրինակում) վերջին՝ 448-րդ էջում բնագիրը մնում է անավարտ ունի «և» հիշագիրը։ Կարելի է ենթադրել, որ նշված թերություններն առկա են նաև գրքի մյուս բոլոր օրինակներում։ | ||
| 650 |
_aԱստվածաբանություն _xԱրարչագործություն |
||
| 653 | _aՍԷՄ | ||
| 856 |
_uhttp://greenstone.flib.sci.am/gsdl/collect/armenian/Books/patkeraser/book/index.html#page/1/mode/2up _yԿարդալ առցանց |
||
| 942 |
_2ddc _cRB |
||
| 999 |
_c52812 _d52812 |
||